Normal view
MARC view
- Wapner, David,
Entry Nombre Personal
001 - NUMERO DE CONTROL
- campo de control: 34127
003 - IDENTIFICADOR DE NUMERO DE CONTROL
- campo de control: UPN
005 - FECHA Y HORA DE LA ÜLTIMA TRANSACCIÓN
- campo de control: 20210219194449.0
008 - DATOS DE LONGITUD FIJA
- campo de control de longitud fija: nabaccnnaabn|||||||||| b |nc|||||d
035 ## - NUMERO DE CONTROL
- Número de control: UPN11000006234
040 ## - FUENTE DE CATALOGACIÓN
- Lenguaje de catalogación: SPA
- Agencia de transcripción: UPN
053 #4 - NÚMERO DE CLASIFICACIÓN LC
- Número de clasificación elemento-número único o número inicial de tramo: PQ7798.33 A6.6
100 1# - ENCABEZAMIENTO - NOMBRE PERSONAL
- Nombre personal: Wapner, David,
- Fechas asociadas con el nombre: 1958-
670 ## - FUENTE EN LA QUE SE LOCALIZARON DATOS
- Cita de la fuente: T
- Uniform Resource Identifier: http://www.poesiaargentina.com/autor.php?idAutor=13
680 ## - NOTA PUBLICA DE ACCESO PÚBLICO
- Frase explicativa de la referencia: Poeta, dramaturgo, músico y titiritero argentino
902 ## - CATALOGADOR
- Catalogador: MMA/100913
